[Event "EYg16"]
[Site "Herceg Novi SCG"]
[Date "2005.09.15"]
[Round "2"]
[White "Kruljac,P"]
[Black "Petrigacova,D"]
[Result "1/2-1/2"]
[WhiteElo "2017"]
[BlackElo "1908"]

1.d4 d5 2.c4 dxc4 3.Nf3 Nf6 4.e3 e6 5.Bxc4 c5 6.O-O Nc6 7.Nc3 Bd7 8.a3 Be7
9.dxc5 Bxc5 10.e4 O-O 11.Bg5 Be7 12.Qe2 a6 13.Rfd1 Qc7 14.Rac1 Ne8 15.Bxe7 Nxe7
16.Bd3 Bc6 17.b4 Qb6 18.Rb1 Nc7 19.Ne5 Ng6 20.Nxc6 bxc6 21.Na4 Qb7 22.Nc5 Qa7
23.Nb3 Nb5 24.Qb2 Rac8 25.Rbc1 Rfd8 26.g3 h6 27.Rc5 Ne7 28.Rd2 Qb6 29.Qc1 Rd6
30.Bxb5 Rxd2 31.Nxd2 axb5 32.Nb3 Rd8 33.Na5 Rc8 34.Qc3 Qc7 35.Nb3 Qb6 36.Nd4 Qa6
37.h4 Kh7 38.Qc1 Kg8 39.Nb3 Qb6 40.Na5 Qc7 41.Qc3 Qd7 42.Kg2 Kf8 43.Qc2  1/2-1/2

[Event "EYg18"]
[Site "Herceg Novi SCG"]
[Date "2005.09.15"]
[Round "2"]
[White "Batsiashvili,N"]
[Black "Vasiliev,Olg"]
[Result "0-1"]
[WhiteElo "2316"]
[BlackElo "2202"]

1.d4 d5 2.c4 dxc4 3.e3 Nf6 4.Bxc4 e6 5.Nf3 c5 6.O-O a6 7.a4 Qc7 8.Qe2 Nc6
9.Nc3 Be7 10.Rd1 O-O 11.b3 b6 12.Bb2 Na5 13.d5 exd5 14.Nxd5 Nxd5 15.Bxd5 Bb7
16.Be5 Qc8 17.Bxb7 Qxb7 18.Qb2 f6 19.Bc3 Nc6 20.e4 b5 21.Qe2 Rad8 22.axb5 axb5
23.Rd5 Qb6 24.Rad1 b4 25.Bb2 Na5 26.Nh4 g6 27.Qg4 Rxd5 28.Rxd5 Rd8 29.Nf5 Bf8
30.Ne3 Re8 31.Qf3 Qe6 32.Bxf6 Nxb3 33.Re5 Qf7 34.Rxe8 Qxe8 35.Nd5 Nd2 36.Qd1 Qxe4
37.Ne3 Qb1 38.Qxb1 Nxb1 39.Kf1 Kf7 40.Bb2 Bh6 41.Ng4 Bd2 42.Ke2 Bc3 43.Bxc3 Nxc3+
44.Kd3 Ke6 45.Kc4 Ne4 46.f3 Nd6+ 47.Kb3 Kd5  0-1

[Event "Geller mem Open A"]
[Site "Odessa UKR"]
[Date "2005.09.16"]
[Round "2"]
[White "Drozdovskij,Y"]
[Black "Miljutin,O"]
[Result "1-0"]
[WhiteElo "2517"]
[BlackElo "2171"]

1.d4 d5 2.c4 dxc4 3.e3 Nf6 4.Bxc4 e6 5.Nf3 c5 6.O-O a6 7.Qe2 b5 8.Bd3 Bb7
9.a4 b4 10.Nbd2 Nc6 11.dxc5 Bxc5 12.b3 O-O 13.Bb2 Qe7 14.Rac1 Rfd8 15.Rfd1 Na5
16.Ne5 Bb6 17.Ndc4 Nxc4 18.Rxc4 Rd5 19.Nc6 Qe8 20.Bxf6 gxf6 21.Bxh7+ Kh8
22.Nxb4 Rxd1+ 23.Qxd1 Rd8 24.Qh5 a5 25.Nc2  1-0

[Event "ProMoPro Open"]
[Site "Prague CZE"]
[Date "2005.09.16"]
[Round "2"]
[White "Urbanek,S"]
[Black "Slechta,K"]
[Result "1-0"]
[WhiteElo "2110"]
[BlackElo "1913"]

1.d4 d5 2.c4 dxc4 3.Nf3 Nf6 4.e3 e6 5.Bxc4 c5 6.Qe2 Nc6 7.O-O a6 8.dxc5 Bxc5
9.Nc3 b5 10.Bb3 O-O 11.e4 e5 12.h3 h6 13.Rd1 Qc7 14.Be3 Bxe3 15.Qxe3 Na5
16.Nd5 Nxd5 17.Bxd5 Bb7 18.Rac1 Qe7 19.Bxb7 Nxb7 20.Qb6 Nd8 21.a3 f6 22.Rc7 Qe6
23.Rd6 Qb3 24.Rdd7 Rf7 25.Rc3 Qxb2 26.Rxd8+ Rxd8 27.Qxd8+ Kh7 28.Qd2 b4  1-0

[Event "Geller mem Open A"]
[Site "Odessa UKR"]
[Date "2005.09.17"]
[Round "3"]
[White "Sumets,A"]
[Black "Pichugin,Al"]
[Result "1/2-1/2"]
[WhiteElo "2477"]
[BlackElo "2385"]

1.Nf3 d5 2.d4 e6 3.c4 dxc4 4.e3 Nf6 5.Bxc4 c5 6.O-O Nc6 7.Nc3 a6 8.Bb3 Be7
9.Qe2 cxd4 10.Rd1 O-O 11.Nxd4 Qc7 12.Nxc6 Qxc6 13.e4 b5 14.Bg5 Bb7 15.Rac1 Qe8
16.e5 Nd7 17.Ne4 Bxe4 18.Bxe7  1/2-1/2

[Event "Geller mem Open A"]
[Site "Odessa UKR"]
[Date "2005.09.21"]
[Round "7"]
[White "Nedilko,V"]
[Black "Drozdovskij,Y"]
[Result "1/2-1/2"]
[WhiteElo "2334"]
[BlackElo "2517"]

1.d4 d5 2.c4 dxc4 3.Nf3 Nf6 4.e3 e6 5.Bxc4 c5 6.O-O Nc6 7.Nc3 cxd4 8.exd4 Be7
9.Bg5 O-O 10.Qd2 h6 11.Bf4 Nb4 12.Rad1 b6 13.Rfe1 Bb7 14.Ne5 Nbd5 15.Bxh6 Nxc3
16.bxc3 Ne4 17.Qc2 Nd6 18.Bb3 gxh6 19.Nxf7 Rxf7 20.Rxe6 Kf8 21.Rxh6 Bf6 22.Qg6 Be4
23.Qh5 Qc7 24.f3 Bxf3 25.gxf3 Qxc3 26.Rxf6 Rxf6 27.Qh8+ Ke7 28.Qxa8 Qe3+
29.Kh1 Rg6 30.Qxa7+ Kf6 31.Qa8 Ke7 32.Qa7+ Kf6 33.Qa8 Ke7 34.Rf1 Qe2 35.Rg1 Rxg1+
36.Kxg1 Qe1+ 37.Kg2 Qe2+ 38.Kg3 Qe1+ 39.Kh3 Qf1+ 40.Kh4 Qf2+ 41.Kg5 Qg2+
42.Kf4 Qd2+  1/2-1/2

[Event "Geller mem Open A"]
[Site "Odessa UKR"]
[Date "2005.09.21"]
[Round "7"]
[White "Peskov,A"]
[Black "Pichugin,Al"]
[Result "1-0"]
[WhiteElo "2378"]
[BlackElo "2385"]

1.d4 d5 2.c4 dxc4 3.Nf3 e6 4.e3 Nf6 5.Bxc4 c5 6.O-O Nc6 7.Qe2 cxd4 8.Rd1 Be7
9.exd4 O-O 10.Nc3 Na5 11.Bd3 b6 12.Bf4 Bb7 13.Rac1 Nd5 14.Bg3 Rc8 15.h4 Re8
16.Ne5 Nf6 17.h5 Nc6 18.Nxc6 Bxc6 19.Ba6 Ra8 20.h6 Nd5 21.Ne4 Qd7 22.hxg7 f5
23.Rxc6 Qxc6 24.Bb5 Qb7 25.Bxe8 Rxe8 26.Nd6 Bxd6 27.Bxd6 Qxg7 28.Rd3 f4 29.Rh3 Qg6
30.Rh4 Qf5 31.Qf3 Rc8 32.Rh5 Qg6 33.Qh3 Rc6 34.Be5 Nf6 35.Rh4 Rc1+ 36.Kh2 Qb1
37.Qxe6+  1-0

[Event "ProMoPro Open"]
[Site "Prague CZE"]
[Date "2005.09.21"]
[Round "7"]
[White "Prachar,J"]
[Black "Slechta,K"]
[Result "1/2-1/2"]
[WhiteElo "2038"]
[BlackElo "1913"]

1.d4 d5 2.c4 dxc4 3.Nf3 Nf6 4.e3 e6 5.Bxc4 c5 6.O-O a6 7.Qe2 b5 8.Bb3 Nc6
9.Rd1 c4 10.Bc2 Nb4 11.Nc3 Nxc2 12.Qxc2 Bb7 13.Ne5 Bb4 14.f3 O-O 15.e4 Nd7
16.Nxd7 Qxd7 17.Be3 Rfd8 18.Qf2 Be7 19.d5 exd5 20.Bb6 Re8 21.Nxd5 Bxd5 22.Rxd5 Qc6
23.Rad1 Rab8 24.Bd4 Bf6 25.Bxf6 Qxf6 26.Rd6 Rbd8 27.e5 Qe7 28.Qb6 Ra8 29.f4 g5
30.Rd7 Qe6 31.R7d6 Qf5 32.Rf1 gxf4 33.Rf6 Qxe5 34.R6xf4 Qe3+  1/2-1/2

[Event "EYg18"]
[Site "Herceg Novi SCG"]
[Date "2005.09.23"]
[Round "9"]
[White "Raeva,E"]
[Black "Vasiliev,Olg"]
[Result "1-0"]
[WhiteElo "2191"]
[BlackElo "2202"]

1.d4 d5 2.c4 dxc4 3.e3 Nf6 4.Bxc4 e6 5.Nf3 c5 6.O-O a6 7.Qe2 Nc6 8.Rd1 Qc7
9.Nc3 Be7 10.a3 b6 11.dxc5 bxc5 12.e4 Ng4 13.e5 Ngxe5 14.Bf4 Nxf3+ 15.Qxf3 Qb7
16.Qg3 O-O 17.Bh6 Bf6 18.Ne4 Be5 19.f4 Bxb2 20.Rab1 Bd4+ 21.Kh1 Qe7 22.Rxd4 f5
23.Rd7 Qxd7 24.Bxe6+  1-0

[Event "Open A"]
[Site "Hamburg GER"]
[Date "2005.10.02"]
[Round "2"]
[White "Ftacnik,L"]
[Black "Krallmann,M"]
[Result "1-0"]
[WhiteElo "2612"]
[BlackElo "2263"]

1.d4 d5 2.Nf3 Nf6 3.c4 dxc4 4.e3 e6 5.Bxc4 c5 6.O-O a6 7.Bd3 Nbd7 8.Re1 Be7
9.Nc3 b5 10.Bc2 Bb7 11.e4 cxd4 12.Nxd4 Qc7 13.Qe2 Rd8 14.Bg5 Ne5 15.Rad1 Neg4
16.Nf3 Rxd1 17.Rxd1 Bc5 18.Bh4 O-O 19.Bg3 Qb6 20.h3 Nh5 21.Bh4 Ngf6 22.Ne1 Bd4
23.Qf3 e5 24.Ne2 Bxb2 25.g4 Nf4 26.Nxf4 exf4 27.g5 Ne8 28.Nd3 Bd4 29.Nxf4 Nc7
30.Bb3 Ne6 31.Nd5 Qc5 32.Qg4 Re8 33.Nf4 Bc8 34.Nxe6 Bxe6 35.Bxe6 fxe6 36.g6 h6
37.Bg3 e5 38.Kg2 Qe7 39.Rc1 Bc5 40.Qf5 Rf8 41.Qxe5 Rxf2+ 42.Kh1 Qxe5 43.Bxe5 Be7
44.Rc7 Bf8 45.Rc8 Rd2 46.Bb8 Rd4 47.e5 Rc4 48.Rd8  1-0

[Event "Lichtenrader Autumn"]
[Site "Berlin GER"]
[Date "2005.10.07"]
[Round "5"]
[White "Jaeger,A"]
[Black "Kurbel,H"]
[Result "1/2-1/2"]
[WhiteElo "2135"]
[BlackElo "1894"]

1.d4 d5 2.c4 dxc4 3.Nf3 Nf6 4.e3 e6 5.Bxc4 c5 6.O-O a6 7.a3 b5 8.Ba2 Bb7
9.Qe2 Be7 10.Rd1 Qb6 11.dxc5 Qxc5 12.Nbd2 O-O 13.b4 Qh5 14.Bb2 Nbd7 15.Rac1 Rac8
16.e4 Rxc1 17.Rxc1 Rc8 18.Rxc8+ Bxc8 19.Qd3 Ne8 20.h3 Qg6 21.Qc3 Bb7 22.Bb1 Qf6
23.Qd3 Qxb2 24.Qxd7 Qc1+ 25.Kh2 Qc7+ 26.Qxc7 Nxc7  1/2-1/2

[Event "2nd Bundesliga Ost 2005-6"]
[Site "Austria AUT"]
[Date "2005.10.09"]
[Round "2"]
[White "Froeschl,F"]
[Black "Brod,M"]
[Result "1/2-1/2"]
[WhiteElo "2218"]
[BlackElo "2266"]

1.d4 d5 2.c4 dxc4 3.Nf3 Nf6 4.e3 e6 5.Bxc4 c5 6.O-O a6 7.Qe2 b5 8.Bb3 Bb7
9.Rd1 Nbd7 10.Nc3 Qb8 11.d5 c4 12.dxe6 fxe6 13.Bc2 Bd6 14.e4 O-O 15.h3 Bc5
16.Be3 Qa7 17.Bxc5 Qxc5 18.Rd2 Ne5 19.Nd4 Rae8 20.Rad1  1/2-1/2

[Event "TCh-FIN 2005-6"]
[Site "Espoo FIN"]
[Date "2005.10.09"]
[Round "4"]
[White "Fieandt,J"]
[Black "Pukkila,M"]
[Result "1-0"]
[WhiteElo "2161"]
[BlackElo "2204"]

1.d4 d5 2.Nf3 Nf6 3.c4 dxc4 4.e3 e6 5.Bxc4 c5 6.O-O a6 7.Bb3 Nc6 8.Qe2 cxd4
9.Rd1 Be7 10.exd4 O-O 11.Nc3 Nd5 12.Be3 b5 13.Nxd5 exd5 14.Ne5 Na5 15.Bd2 Nxb3
16.Nc6 Nxd4 17.Nxe7+ Kh8 18.Qe5 Be6 19.Qxd4 Qxe7 20.Bb4 Qg5 21.Bxf8 Rxf8
22.Rac1 h5 23.h4 Qe7 24.Re1 Kg8 25.Rc6 Ra8 26.Rc5 Qd8 27.Re3 g6 28.a3 Kh7
29.b4 Qh8 30.Qf4 Ra7 31.Rc7 Rxc7 32.Qxc7 Qa1+ 33.Kh2 Qf6 34.Qg3 d4 35.Re4 Bf5
36.Qe5 Qxe5+ 37.Rxe5 Bc2 38.Rd5 d3 39.Kg3 Kg7 40.Kf4 Kf6 41.Ke3 Ke6 42.Rd8 Ke7
43.Ra8 d2 44.Ra7+ Ke6 45.Kxd2 Be4 46.Rxa6+ Ke5 47.f3 Bd5 48.Ke3 Bc4 49.Rc6 Bf1
50.Rc5+ Kd6 51.g3 Ke6 52.Rc1 Bh3 53.Kd4 Kd6 54.Rc5 Bf1 55.g4 hxg4 56.fxg4 Ke6
57.h5 gxh5 58.Re5+ Kd6 59.gxh5 f6 60.Rf5  1-0

[Event "TCh-CZE Extraliga 2005-6"]
[Site "Czech Rep CZE"]
[Date "2005.10.16"]
[Round "2"]
[White "Holemar,D"]
[Black "Antoniewski,R"]
[Result "0-1"]
[WhiteElo "2287"]
[BlackElo "2498"]

1.d4 d5 2.c4 dxc4 3.e3 Nf6 4.Bxc4 e6 5.Nf3 c5 6.O-O a6 7.Bb3 b5 8.a4 b4 9.Nbd2 Be7
10.e4 cxd4 11.e5 Nfd7 12.Nc4 Nc6 13.Bf4 Nc5 14.Nd6+ Bxd6 15.exd6 Nxb3 16.Qxb3 Qb6
17.Rfe1 O-O 18.Qc4 Bd7 19.Ne5 Nxe5 20.Bxe5 Rfc8 21.Qd3 f6 22.Qxd4 Qxd4 23.Bxd4 Rc6
24.a5 Rac8 25.Rad1 Rxd6 26.Bb6 Rxd1 27.Rxd1 Rc2 28.h3 Bb5 29.b3 Rb2 30.Bc5 Rxb3
31.Kh2 Rb2 32.h4 h5 33.g4 hxg4 34.Rd8+ Kh7 35.Kg3 b3 36.Rd4 Rc2  0-1

[Event "Chigorin Mem"]
[Site "St Petersburg RUS"]
[Date "2005.10.17"]
[Round "3"]
[White "Solozhenkin,E"]
[Black "Kashtanov,R"]
[Result "1-0"]
[WhiteElo "2495"]
[BlackElo "2353"]

1.d4 d5 2.Nf3 Nf6 3.c4 dxc4 4.e3 e6 5.Bxc4 c5 6.O-O a6 7.a4 Nc6 8.Qe2 cxd4
9.Rd1 d3 10.Bxd3 Qc7 11.b3 e5 12.Nbd2 Bb4 13.Bb2 O-O 14.Ne4 Nd7 15.Rac1 Re8
16.Neg5 h6 17.Bc4 hxg5 18.Nxg5 Re7 19.Nxf7 Rxf7 20.Bxf7+ Kxf7 21.Qc4+ Kg6
22.Qg4+ Kf7 23.Qxb4 Nf6 24.h3 a5 25.Qb5 Qe7 26.Rc5 e4 27.Rc4 Be6 28.Rcc1 Rh8
29.Be5 Nxe5 30.Qxe5 Rh5 31.Qb8 Nd5 32.Rd4 Bxh3 33.gxh3 Rg5+ 34.Kf1 Nxe3+
35.Ke2 Nd5 36.Rcc4 e3 37.Re4 Nc3+ 38.Kxe3 Nxe4 39.Rc7 Re5 40.Rxe7+ Rxe7 41.Kd4 Nf6
42.Kc4 Re4+ 43.Kc3 b6 44.Qb7+ Kg8 45.Kb2 Rb4 46.f3 Kh7 47.Ka3 Nh5 48.Qe7 Nf4
49.h4 Nd3 50.h5 Nc5 51.Qf7 Kh8 52.Ka2 Kh7 53.Qg6+ Kh8 54.h6 gxh6 55.f4 Nxb3
56.Qxh6+ Kg8 57.Qe6+ Kf8 58.Qd6+ Kf7 59.Qxb4 Nc1+ 60.Kb1  1-0

[Event "TCh-BEL 2005-6"]
[Site "Belgium BEL"]
[Date "2005.10.23"]
[Round "2"]
[White "David,Alb"]
[Black "Michiels,B"]
[Result "0-1"]
[WhiteElo "2595"]
[BlackElo "2442"]

1.d4 d5 2.c4 dxc4 3.Nf3 Nf6 4.e3 e6 5.Bxc4 c5 6.O-O a6 7.Bb3 Nbd7 8.e4 Nxe4
9.Qe2 c4 10.Bxc4 Ndf6 11.Rd1 Be7 12.d5 Qb6 13.Be3 Bc5 14.Bxc5 Nxc5 15.Nc3 O-O
16.Rac1 Re8 17.h3 Bd7 18.Ne5 Rad8 19.Qe3 Bc8 20.a3 Qc7 21.f4 Ncd7 22.Nxf7 Kxf7
23.dxe6+ Kf8 24.Na4 Nb8 25.Nb6 Nc6 26.Ba2 Rxd1+ 27.Rxd1 Rd8 28.Qc5+ Ke8 29.Bd5 Bxe6
30.Re1 Nxd5 31.Rxe6+ Nde7 32.Nc4 Rd1+ 33.Kf2 Qxf4+ 34.Ke2 Qf1+  0-1

[Event "Open A"]
[Site "Liberec CZE"]
[Date "2005.10.26"]
[Round "5"]
[White "Snorek,M"]
[Black "Vyskocil,N"]
[Result "1/2-1/2"]
[WhiteElo "2158"]
[BlackElo "2318"]

1.d4 d5 2.Nf3 Nf6 3.c4 dxc4 4.e3 e6 5.Bxc4 c5 6.O-O Qc7 7.Qe2 a6 8.a4 Nc6
9.Bd2 cxd4 10.exd4 Be7 11.Nc3 O-O 12.Rfd1 Rd8 13.Bg5 h6 14.Bh4 Nd5 15.Bg3 Nxc3
16.Bxc7 Nxe2+ 17.Bxe2 Rd7 18.Bb6 Bd8 19.Bc5 b6 20.Ba3 Bb7 21.Ne5 Nxe5 22.dxe5 Bd5
23.Bd6 Bc7 24.Bxc7 Rxc7 25.Rac1 Rc6 26.Rxc6 Bxc6 27.b3 Bd5 28.b4 a5 29.bxa5  1/2-1/2

[Event "TCh-CZE Extraliga 2005-6"]
[Site "Czech Rep CZE"]
[Date "2005.11.05"]
[Round "3"]
[White "Meduna,E"]
[Black "Mista,A"]
[Result "1/2-1/2"]
[WhiteElo "2460"]
[BlackElo "2479"]

1.d4 d5 2.Nf3 Nf6 3.c4 dxc4 4.e3 e6 5.Bxc4 c5 6.O-O a6 7.a4 Nc6 8.Qe2 cxd4
9.Rd1 Be7 10.exd4 O-O 11.Nc3 Nb4 12.Bg5 Re8 13.Ne5 Nfd5 14.Bxe7 Rxe7 15.Qf3 Rc7
16.Bb3 b6 17.Bxd5 Nxd5 18.Nxd5 exd5 19.Qb3 f6 20.Nd3 Rc4 21.Nf4 Bf5 22.Qe3 Rac8
23.Rac1 g5 24.Rxc4 Rxc4 25.Ne2 Rxa4 26.Re1 Rc4 27.h4 Rc6 28.hxg5 fxg5 29.Qe5 Bg4
30.Qg3 Bh5 31.Nf4 Bf7 32.Nd3 Qf6 33.Ne5 Rc2 34.b4 a5 35.bxa5 bxa5 36.Rb1 Be6
37.Rb8+ Bc8 38.Nd3 Kg7 39.Ra8 Rc3 40.Ra7+ Kg8 41.Qe5 Qxe5 42.Nxe5 Be6 43.Rxa5 Rc1+
44.Kh2 Rd1 45.Ra6 Bf5 46.g4 Bc2 47.Nf3 Bd3 48.Ra4 Kg7 49.Nxg5 Be2 50.Ne6+ Kf7
51.Nf4 Bxg4 52.Ra7+ Kf8 53.Rxh7 Rxd4 54.Kg3 Kg8 55.Re7 Bd1 56.Rd7 Ba4 57.Rxd5 Rxd5
58.Nxd5 Kf7 59.Nf4 Bc2 60.Nd5 Bb1 61.f4 Bc2  1/2-1/2

[Event "British Rapidplay"]
[Site "Halifax ENG"]
[Date "2005.11.12"]
[Round "3"]
[White "Hebden,M"]
[Black "Mannion,S"]
[Result "1-0"]
[WhiteElo "2514"]
[BlackElo "2331"]

1.d4 d5 2.Nf3 Nf6 3.c4 dxc4 4.e3 e6 5.Bxc4 c5 6.O-O a6 7.Bb3 b5 8.e4 cxd4
9.e5 Nfd7 10.Qxd4 Nc6 11.Qf4 Be7 12.Qg3 g6 13.Bh6 Bb7 14.Nc3 Qc7 15.Rac1 Bf8
16.Bf4 Nc5 17.Nd5 exd5 18.e6 Qe7 19.exf7+ Qxf7 20.Rfe1+ Kd8 21.Ng5 Qd7 22.Rxc5 Bxc5
23.Ne6+ Kc8 24.Nxc5 Qf5 25.Qc3 Rf8 26.Bg3 Qf7 27.Ne6 Re8 28.Bxd5 Qd7 29.Nc7 Rxe1+
30.Qxe1 Nd4 31.Nxa8  1-0

[Event "ch-CRO"]
[Site "Vukovar CRO"]
[Date "2005.11.12"]
[Round "6"]
[White "Kozul,Z"]
[Black "Hulak,K"]
[Result "1/2-1/2"]
[WhiteElo "2576"]
[BlackElo "2507"]

1.d4 d5 2.c4 dxc4 3.Nf3 Nf6 4.e3 e6 5.Bxc4 c5 6.O-O a6 7.Bd3 Nbd7 8.Re1 Be7
9.e4 cxd4 10.e5 Nd5 11.Nxd4 Qc7 12.Nf3 Nb4 13.Nc3 Nxd3 14.Qxd3 b5 15.Bg5 Bxg5
16.Nxg5 Bb7 17.Nce4 Bxe4 18.Qxe4 Rc8 19.Rad1 Nc5 20.Qg4 O-O 21.b4 h6 22.bxc5 hxg5
23.Qxg5 Qxc5 24.h4 Qc2 25.Rd2 Qh7 26.Re3 Rc4 27.h5 Qh6 28.Qxh6 gxh6 29.Rd7 a5
30.a3 Rh4 31.Rb7 b4 32.axb4 axb4 33.g3 Rxh5 34.Kg2 Rf5 35.Rxb4 h5 36.f4 Kg7
37.Kh3 Ra8 38.Rc3 Kg6 39.Rb6 Rd8 40.Ra6 Rb8 41.Rac6 Ra8 42.R3c4 Kg7 43.Rb6 Kg6
44.Rb3 Kh7 45.Kg2 Kg6 46.Kf3 Kh6 47.Rcb4 Rg8 48.Rb8  1/2-1/2

[Event "ch-CRO"]
[Site "Vukovar CRO"]
[Date "2005.11.12"]
[Round "6"]
[White "Kovacevic,B"]
[Black "Stevic,H"]
[Result "1/2-1/2"]
[WhiteElo "2493"]
[BlackElo "2514"]

1.d4 d5 2.c4 dxc4 3.e3 Nf6 4.Bxc4 e6 5.Nf3 c5 6.O-O a6 7.b3 b5 8.Be2 Bb7
9.Bb2 Nbd7 10.Nbd2 Be7 11.a4 Qb6 12.axb5 axb5  1/2-1/2

[Event "Bundesliga 2005-6"]
[Site "Leipzig GER"]
[Date "2005.11.13"]
[Round "4"]
[White "Klimm,W"]
[Black "Souleidis,G"]
[Result "0-1"]
[WhiteElo "2287"]
[BlackElo "2421"]

1.Nf3 d5 2.d4 Nf6 3.c4 dxc4 4.e3 e6 5.Bxc4 c5 6.O-O a6 7.Qe2 b5 8.Bb3 cxd4
9.exd4 Be7 10.Nc3 O-O 11.Bg5 Bb7 12.a3 Nbd7 13.Rfe1 Nb6 14.Ne5 Nfd5 15.Bd2 Nxc3
16.bxc3 Bd5 17.Bc2 Bf6 18.Ng4 Bg5 19.f4 Bh4 20.g3 Bf6 21.Nxf6+ Qxf6 22.Qh5 g6
23.Qg5 Qg7 24.Bd3 Rac8 25.g4 f6 26.Qh4 f5 27.Re3 Kh8 28.gxf5 gxf5+ 29.Rg3 Qf6
30.Qh5 Na4 31.Be2 Nxc3 32.Bxc3 Rxc3 33.Rd1 Rxg3+ 34.hxg3 Rc8 35.Kf2 Rc2 36.Qe8+ Kg7
37.Qd7+ Qf7 38.Qd6 Qc7 39.Qxc7+ Rxc7 40.Ke3 Be4 41.Ra1 Rc3+ 42.Kf2 Kf6 43.Ra2 Ke7  0-1

[Event "55th ch-GRE"]
[Site "Kalamata GRE"]
[Date "2005.11.19"]
[Round "4"]
[White "Banikas,H"]
[Black "Souleidis,G"]
[Result "1-0"]
[WhiteElo "2566"]
[BlackElo "2421"]

1.d4 d5 2.Nf3 Nf6 3.c4 dxc4 4.e3 e6 5.Bxc4 c5 6.O-O a6 7.b3 b5 8.Be2 Bb7
9.Bb2 Nbd7 10.a4 b4 11.Nbd2 Be7 12.Nc4 O-O 13.Nfe5 cxd4 14.Bxd4 Nxe5 15.Nxe5 Rc8
16.Bf3 Bxf3 17.Qxf3 Qd5 18.Rac1 Qxf3 19.gxf3 Nd5 20.Nc6 Bd6 21.Rc4 f6 22.Rd1 Ne7
23.Rdc1 Nxc6 24.Rxc6 Rxc6 25.Rxc6 Rd8 26.Rxa6 e5 27.Bb6 Rc8 28.Ba5 Rc1+ 29.Kg2 Be7
30.Ra7 Bd6 31.Rd7 Rc6 32.Kh3 h6 33.Kg4 Kh7 34.Kf5 Bf8 35.Rb7 Rc3 36.Rb8 Bd6
37.Bxb4  1-0

[Event "55th ch-GRE"]
[Site "Kalamata GRE"]
[Date "2005.11.24"]
[Round "9"]
[White "Nikolaidis,I"]
[Black "Souleidis,G"]
[Result "1/2-1/2"]
[WhiteElo "2521"]
[BlackElo "2421"]

1.d4 d5 2.Nf3 Nf6 3.c4 dxc4 4.e3 e6 5.Bxc4 c5 6.O-O a6 7.dxc5 Bxc5 8.Qxd8+ Kxd8
9.Nbd2 Ke7 10.Be2 Rd8 11.Ng5 Kf8 12.Nb3 Be7 13.Bd2 h6 14.Nf3 Nc6 15.Rfc1 Ne4
16.Be1 a5 17.Nfd4 Nxd4 18.Nxd4 Nc5 19.Kf1 Bd7 20.Bxa5 Rxa5 21.b4 Ra7 22.bxc5 Rc8
23.Bb5 Bxb5+ 24.Nxb5 Ra6 25.a4 Rxc5 26.Rxc5 Bxc5 27.Rc1 b6 28.Rc4 Ke7 29.Ke2 Ra8
30.g4 f5 31.h3 g5 32.f3 Kd7 33.Nd4 Bxd4 34.Rxd4+ Kc6 35.Rc4+ Kd6 36.Rb4  1/2-1/2

[Event "18th Belgrade Trophy"]
[Site "Obrenovac SCG"]
[Date "2005.11.29"]
[Round "8"]
[White "Karkanaqe,I"]
[Black "Bergsson,Sn"]
[Result "1/2-1/2"]
[WhiteElo "2385"]
[BlackElo "2266"]

1.Nf3 d5 2.d4 Nf6 3.c4 dxc4 4.e3 e6 5.Bxc4 c5 6.O-O a6 7.a4 Nc6 8.Qe2 cxd4
9.Rd1 Be7 10.exd4 O-O 11.Nc3 Nb4 12.Ne5 b6 13.Bg5 Re8 14.Bb3 Nfd5 15.Nxd5 exd5
16.Bd2 Bb7 17.Qf3 f6 18.Ng4 Qd7 19.Ne3 Rad8 20.h4 Rf8 21.g3 Rf7 22.h5 f5
23.Bxb4 Bxb4 24.Ng2 f4 25.Nxf4 Bd6 26.Bxd5 Bxd5 27.Qxd5 Bxf4 28.Qxd7 Rfxd7
29.gxf4 Rxd4 30.Rxd4 Rxd4 31.a5 Rb4 32.axb6 Rxb6 33.Kg2 Kf7 34.Kf3 h6 35.b4 Rxb4
36.Rxa6 Rb5 37.Kg4  1/2-1/2

[Event "FSGMA December"]
[Site "Budapest HUN"]
[Date "2005.12.04"]
[Round "2"]
[White "Erdos,V"]
[Black "Boros,De"]
[Result "1/2-1/2"]
[WhiteElo "2522"]
[BlackElo "2460"]

1.d4 d5 2.Nf3 Nf6 3.c4 dxc4 4.e3 e6 5.Bxc4 c5 6.O-O Nc6 7.Qe2 cxd4 8.Rd1 Be7
9.Nc3 O-O 10.Nxd4 Nxd4 11.exd4 Nd5 12.Qf3 Nxc3 13.bxc3 Qc7 14.Bb3 Rb8 15.c4 b6
16.Bf4 Bd6 17.Bxd6 Qxd6 18.Rac1 Bb7 19.Qg3 Rfd8 20.Qxd6 Rxd6 21.c5 bxc5 22.dxc5 Rxd1+
23.Rxd1 Kf8 24.Rd7 Bd5 25.Rxa7 Bxb3 26.axb3 Rxb3 27.g3 Rc3 28.Rc7 g5 29.Kg2 Kg7
30.Rc8 Kf6 31.c6 Ke5 32.h3 h6 33.g4 f5 34.gxf5 exf5 35.c7 Kf4 36.Rh8 Rxc7
37.Rxh6  1/2-1/2

[Event "FSIM December"]
[Site "Budapest HUN"]
[Date "2005.12.10"]
[Round "8"]
[White "Adams,N"]
[Black "Varga,Cs2"]
[Result "1/2-1/2"]
[WhiteElo "2208"]
[BlackElo "2279"]

1.d4 d5 2.c4 dxc4 3.e3 Nf6 4.Bxc4 e6 5.Nf3 c5 6.O-O a6 7.a4 Nc6 8.Qe2 Qc7
9.Nc3 Bd6 10.dxc5 Bxc5 11.e4 Ng4 12.g3 O-O 13.Bf4 Bd6 14.Bxd6 Qxd6 15.Rfd1 Qc5
16.Ba2 Qh5 17.Kg2 Nf6 18.Nd4 Qxe2 19.Ndxe2 b6 20.f3 Bb7 21.g4 Rfd8 22.Rxd8+ Rxd8
23.Rd1 Rxd1 24.Nxd1 Nd7 25.Ne3 Nb4 26.Bb1 Nc5 27.Nc3 Bc6 28.Nc4 Bxa4 29.Nxb6 Bb3
30.Ne2 e5 31.Nc1 Be6 32.Kf2 Kf8 33.Ke3 Ke7 34.Nd3 Ncxd3 35.Bxd3 Kd6 36.Bc4 Kc5
37.Bxe6 Kxb6 38.Bxf7 g5 39.h4 h6 40.hxg5 hxg5 41.Bb3 Kc5 42.Bg8 a5 43.Bb3 Nc6
44.Bg8 Nd4 45.Bf7 Nb5 46.Bg8 Kb4 47.Kd3 Nc7 48.Bf7 Na6 49.Bg8 Nc5+ 50.Kc2 Na4
51.Bb3 Nb6 52.Bg8 Nc8 53.Kd3 Ne7 54.Bf7 Nc6 55.Bg8 a4 56.Bf7 Ne7 57.Be6 Ng6
58.Bf7 Nf4+ 59.Ke3 Ng2+ 60.Kf2 Nh4 61.Bg8 Ng6 62.Bf7  1/2-1/2

[Event "It"]
[Site "Dnepropetrovsk UKR"]
[Date "2005.12.12"]
[Round "7"]
[White "Kononenko,Dmitry1"]
[Black "Matjushin,G"]
[Result "1/2-1/2"]
[WhiteElo "2451"]
[BlackElo "2425"]

1.d4 d5 2.c4 dxc4 3.Nf3 Nf6 4.e3 e6 5.Bxc4 c5 6.O-O Nc6 7.dxc5 Qxd1 8.Rxd1 Bxc5
9.Nc3 Bd7 10.a3 Rc8 11.Ba2 O-O 12.b4 Be7 13.Bb2 Rfd8 14.Kf1 Be8 15.Ke2 a6
16.Bb3 Rxd1 17.Rxd1 Rd8 18.Nd2 Kf8 19.h3 h6 20.f4 Na7 21.Nf3 Rxd1 22.Bxd1 Nb5  1/2-1/2

[Event "13th Salona"]
[Site "Solin CRO"]
[Date "2005.12.12"]
[Round "5"]
[White "Kovacevic,B"]
[Black "Matveeva,S"]
[Result "1/2-1/2"]
[WhiteElo "2493"]
[BlackElo "2422"]

1.d4 d5 2.c4 dxc4 3.e3 e6 4.Bxc4 Nf6 5.Nf3 c5 6.Qe2 Nc6 7.O-O a6 8.dxc5 Bxc5
9.e4 b5 10.Bb3 Bb7 11.e5 Nd5 12.Nc3 Nxc3 13.bxc3 Ne7 14.c4 Qb6 15.a4 bxc4
16.Bxc4 O-O  1/2-1/2

[Event "Masters"]
[Site "Berkeley USA"]
[Date "2005.12.17"]
[Round "2"]
[White "Perepelitsky,P"]
[Black "Sarkar,J"]
[Result "1/2-1/2"]
[WhiteElo "2116"]
[BlackElo "2315"]

1.d4 d5 2.c4 dxc4 3.Nf3 Nf6 4.e3 e6 5.Bxc4 c5 6.O-O a6 7.a3 b5 8.Bd3 Bb7
9.dxc5 Bxc5 10.b4 Be7 11.Nc3 Nbd7 12.Bb2 O-O 13.Ne2 Nb6 14.Ne5 Nfd7 15.Nxd7 Qxd7
16.Nf4 Bd6 17.Bxh7+ Kxh7 18.Qh5+ Kg8 19.Bxg7 Kxg7 20.Qg5+  1/2-1/2

[Event "IV Memorial Pereyra Puebla"]
[Site "Mendoza ARG"]
[Date "2005.12.18"]
[Round "5"]
[White "Hellsten,J"]
[Black "Ricardi,P"]
[Result "1/2-1/2"]
[WhiteElo "2574"]
[BlackElo "2520"]

1.d4 d5 2.c4 dxc4 3.e3 Nf6 4.Bxc4 e6 5.Nf3 c5 6.O-O a6 7.Qe2 cxd4 8.exd4 Be7
9.a4 Nc6 10.Rd1 O-O 11.Nc3 Nd5 12.Bb3 Re8 13.Qe4 Nf6 14.Qf4 Nd5 15.Qe4 Nf6  1/2-1/2

[Event "Masters"]
[Site "Berkeley USA"]
[Date "2005.12.19"]
[Round "5"]
[White "Pruess,D"]
[Black "Stein,Alan"]
[Result "1/2-1/2"]
[WhiteElo "2400"]
[BlackElo "2422"]

1.d4 d5 2.c4 dxc4 3.Nf3 Nf6 4.e3 e6 5.Bxc4 c5 6.O-O a6 7.Nc3 Nc6 8.dxc5 Qxd1
9.Rxd1 Bxc5 10.Ng5 b5 11.Be2 Bb7 12.Nge4 Nxe4 13.Nxe4 Be7 14.Nd6+ Bxd6 15.Rxd6 Ke7
16.Rd1 Rhd8 17.Bd2 f6 18.a3 Rd7 19.Bc3 Rxd1+ 20.Rxd1 Rd8 21.Rc1 Rd7 22.Kf1 e5
23.Bg4 Rd8 24.Bf5 g6 25.Be4 Rc8 26.f4 Nd8 27.Bb4+ Ke6 28.Rxc8 Bxc8 29.g4 f5
30.gxf5+ gxf5 31.Bc2 Bb7 32.Kf2 Bd5 33.Kg3 Nc6 34.Bc3 a5 35.b4 axb4 36.axb4 e4
37.Kh4 Ne7 38.Kg5 Bc4 39.Kh6 Nd5 40.Bd2 Nf6 41.h3  1/2-1/2

[Event "14th Donau Open"]
[Site "Aschach AUT"]
[Date "2005.12.27"]
[Round "3"]
[White "Dovzik,J"]
[Black "Mazi,L"]
[Result "1-0"]
[WhiteElo "2405"]
[BlackElo "2354"]

1.d4 d5 2.Nf3 Nf6 3.c4 dxc4 4.e3 e6 5.Bxc4 c5 6.O-O a6 7.Bb3 b6 8.Qe2 Bb7
9.Rd1 Qc7 10.Nc3 Nbd7 11.h3 Be7 12.Bd2 Rc8 13.Rac1 Qb8 14.e4 cxd4 15.Nxd4 O-O
16.Bg5 h6 17.Bh4 Rfe8 18.Bg3 e5 19.Nf5 Bf8 20.Qf3 Bc6 21.Rc2 Nc5 22.Nd5 Nfxe4
23.Rxc5 Nxc5 24.Nxh6+ gxh6 25.Nf6+ Kh8 26.Qf5 Be4 27.Nxe4 Nxe4 28.Qxe4 Qc7
29.Qf5 Bg7 30.Kh2 Rcd8 31.Bc2 Kg8 32.Re1 Rd2 33.Bd3 Rxb2 34.Qh7+ Kf8 35.Re4 Qc3
36.Rg4 Bf6 37.Bc4  1-0

[Event "Master Open"]
[Site "Zurich SUI"]
[Date "2005.12.27"]
[Round "3"]
[White "Seel,C"]
[Black "Kamber,B"]
[Result "1-0"]
[WhiteElo "2492"]
[BlackElo "2315"]

1.Nf3 d5 2.d4 e6 3.c4 dxc4 4.e3 c5 5.Bxc4 Nf6 6.O-O a6 7.b3 Be7 8.dxc5 Qxd1
9.Rxd1 Bxc5 10.Be2 b6 11.Ne5 Bb7 12.Nd3 Be7 13.Nd2 Nbd7 14.Bb2 O-O 15.f3 Rac8
16.Rac1 Rxc1 17.Rxc1 Rc8 18.Nc4 b5 19.Na5 Rxc1+ 20.Bxc1 Ba8 21.Bd2 Bd8 22.e4 Nb8
23.Bb4 Nfd7 24.Kf2 Bc7 25.g3 f5 26.exf5 exf5 27.a4 Bd5 28.axb5 axb5 29.Nf4 Bf7
30.Bxb5 Ne5 31.Bc3 Nbd7 32.b4 Nf6 33.Nc6 Neg4+ 34.Kf1 Ne3+ 35.Ke2 Ned5 36.Nxd5 Nxd5
37.Bd2 h5 38.f4 h4 39.Ne5 Bh5+ 40.Kd3 Bxe5 41.fxe5 hxg3 42.hxg3 Bf3 43.Kd4 Ne7
44.Bc4+ Kf8 45.b5 Ke8 46.Bg5 Ng6 47.b6 Nf8 48.Bd5  1-0